Подробности
| 000 -МАРКЕР |
| контрольное поле |
02643nam2a2200325 4500 |
| 001 - ИДЕНТИФИКАТОР ЗАПИСИ |
| контрольное поле |
RU\NLR\BIBL_A\012779059 |
| 005 - ИДЕНТИФИКАТОР ВЕРСИИ |
| контрольное поле |
20220707160551.0 |
| 010 ## - МЕЖДУНАРОДНЫЙ СТАНДАРТНЫЙ НОМЕР КНИГИ (ISBN) |
| Номер (ISBN) |
978-5-6045949-2-6 |
| Тираж |
300 |
| 021 ## - НОМЕР ГОСУДАРСТВЕННОЙ РЕГИСТРАЦИИ |
| Код страны |
Российская Федерация |
| Номер |
КН-П-22-005900 |
| Номер Листа государственной регистраци |
КН-П-22-0473 |
| 035 ## - ДРУГИЕ СИСТЕМНЫЕ НОМЕРА |
| Идентификатор записи |
(NLR Aleph) 012779059 |
| 035 ## - ДРУГИЕ СИСТЕМНЫЕ НОМЕРА |
| Идентификатор записи |
(RuMoRGB)010969342 |
| 100 ## - ДАННЫЕ ОБЩЕЙ ОБРАБОТКИ |
| Данные общей обработки |
20220504d2021 k y0rusy50 ca |
| 101 0# - ЯЗЫК РЕСУРСА |
| Язык текста, звукозаписи и т.д. |
русский |
| -- |
многоязычный, разных семей языки |
| 102 ## - СТРАНА ПУБЛИКАЦИИ ИЛИ ПРОИЗВОДСТВА |
| Страна публикации |
Российская Федерация |
| 105 ## - ПОЛЕ КОДИРОВАННЫХ ДАННЫХ: ТЕКСТОВЫЕ МАТЕРИАЛЫ, МОНОГРАФИЧЕСКИЕ |
| Кодированные данные о монографическом текстовом документе |
a z 000zy |
| 200 0# - ЗАГЛАВИЕ И СВЕДЕНИЯ ОБ ОТВЕТСТВЕННОСТИ |
| Основное заглавие |
Т. 2 |
| 210 ## - ПУБЛИКАЦИЯ, РАСПРОСТРАНЕНИЕ И ДР. |
| Дата издания, распространения и т.д. |
2021 |
| 215 ## - ФИЗИЧЕСКАЯ ХАРАКТЕРИСТИКА |
| Специфическое обозначение материала и объем |
291 с. |
| Другие сведения о физической характеристике |
ил., цв. ил. |
| 300 ## - ОБЩИЕ ПРИМЕЧАНИЯ |
| Текст примечания |
Текст рус., англ., араб., татар. |
| 320 ## - ПРИМЕЧАНИЯ О НАЛИЧИИ В ДОКУМЕНТЕ БИБЛИОГРАФИИ / УКАЗАТЕЛЯ |
| Текст примечания |
Библиогр. в конце ст. и в подстроч. примеч. |
| 327 1# - ПРИМЕЧАНИЯ О СОДЕРЖАНИИ |
| Текст примечания |
В сб. включены материалы конференции и круглого стола, проходивших в рамках форума, загл. которых указаны в тексте, и отображены в добавочных записях кол. авт. |
| 461 #0 - УРОВЕНЬ НАБОРА |
| Встроенное поле |
001RU\NLR\BIBL_A\012779038 |
| -- |
2001#$aII Международный форму "Богословское наследие мусульман России"$eсборник научных докладов конференции, 25-30 октября 2020 года, г. Болгар$fБолгарская Исламская академия$vТ. 2 |
| Системный номер (АБИС) связанной записи |
13117177 |
| Автор |
"Богословское наследие мусульман России", международный форум (2 ; 2020 ; Болгар) |
| Место публикации |
Казань |
| Дата публикации |
2021 |
| Первые сведения об ответственности |
Болгарская Исламская академия |
| Имя издателя, распространителя и т.д. |
МеДДоК |
| Сведения, относящиеся к заглавию |
сборник научных докладов конференции, 25-30 октября 2020 года, г. Болгар |
| Заглавие |
II Международный форум "Богословское наследие мусульман России" |
| Номер тома |
Т. 2 |
| 711 12 - НАИМЕНОВАНИЕ ОРГАНИЗАЦИИ - АЛЬТЕРНАТИВНАЯ ОТВЕТСТВЕННОСТЬ |
| Начальный элемент ввода |
"Формирование гражданской идентичности мусульманской молодежи в России и за рубежом", международная студенческая научно-практическая конференция |
| Порядковый номер временной организации и / или порядковый номер ее части |
2 |
| Место проведения временной организации |
Болгар |
| Дата проведения временной организации |
2020 |
| Системный номер авторитетной/нормативной записи |
797359 |
| Идентификатор авторитетной/нормативной записи |
RU\NLR\AUTH\880565187 |
| 711 12 - НАИМЕНОВАНИЕ ОРГАНИЗАЦИИ - АЛЬТЕРНАТИВНАЯ ОТВЕТСТВЕННОСТЬ |
| Начальный элемент ввода |
"Теологическое образование как фактор формирования гражданской идентичности", круглый стол |
| Место проведения временной организации |
Болгар |
| Дата проведения временной организации |
2020 |
| Системный номер авторитетной/нормативной записи |
797363 |
| Идентификатор авторитетной/нормативной записи |
RU\NLR\AUTH\880565190 |
| 852 ## - МЕСТОНАХОЖДЕНИЕ И ШИФР ХРАНЕНИЯ |
| Идентификатор организации |
NLR |
| Наименование фонда или коллекции (Sub-Location Identifier) |
ОНЛ |
| Шифр хранения (Call Number) |
Татар./3-15464 |
| 942 ## - ДОПОЛНИТЕЛЬНЫЕ ЭЛЕМЕНТЫ ЗАПИСИ (АБИС) |
| Тип экземпляра АБИС |
Книга |
| 980 ## - КОЛЛЕКЦИЯ |
| Название коллекции |
Национальная библиография |